<?xml version="1.0" encoding="UTF-8"?>
<record
    xmlns:xsi="http://www.w3.org/2001/XMLSchema-instance"
    xsi:schemaLocation="http://www.loc.gov/MARC21/slim http://www.loc.gov/standards/marcxml/schema/MARC21slim.xsd"
    xmlns="http://www.loc.gov/MARC21/slim">

  <leader>01806cam a2200481 a 4500</leader>
  <datafield tag="999" ind1=" " ind2=" ">
    <subfield code="c">24153</subfield>
    <subfield code="d">24153</subfield>
  </datafield>
  <controlfield tag="001">vtls011592943</controlfield>
  <controlfield tag="005">20260226101244.0</controlfield>
  <controlfield tag="008">240318s2016    xo o   g h    000 0aslo  </controlfield>
  <datafield tag="020" ind1=" " ind2=" ">
    <subfield code="a">9788055151885</subfield>
    <subfield code="q">(viaz.)</subfield>
  </datafield>
  <datafield tag="035" ind1=" " ind2=" ">
    <subfield code="a">urn:nbn:sk:snk-am00e0bz</subfield>
  </datafield>
  <datafield tag="035" ind1=" " ind2=" ">
    <subfield code="a">urn:nbn:sk:snk-am3iae9</subfield>
  </datafield>
  <datafield tag="035" ind1=" " ind2=" ">
    <subfield code="a">01C654D6-4EE4-426C-9ED3-29A7668B7B61</subfield>
  </datafield>
  <datafield tag="040" ind1=" " ind2=" ">
    <subfield code="a">TTKJF</subfield>
    <subfield code="b">slo</subfield>
    <subfield code="c">TTKJF</subfield>
    <subfield code="d">SNK</subfield>
    <subfield code="e">AACR2</subfield>
  </datafield>
  <datafield tag="041" ind1="0" ind2=" ">
    <subfield code="a">slo</subfield>
  </datafield>
  <datafield tag="044" ind1=" " ind2=" ">
    <subfield code="a">xo</subfield>
    <subfield code="c">SK</subfield>
  </datafield>
  <datafield tag="072" ind1=" " ind2="7">
    <subfield code="a">323</subfield>
    <subfield code="x">Vn&#xFA;tropolitick&#xFD; v&#xFD;voj, politick&#xFD; &#x17E;ivot</subfield>
    <subfield code="2">konspekt</subfield>
  </datafield>
  <datafield tag="072" ind1=" " ind2="7">
    <subfield code="a">929</subfield>
    <subfield code="x">Biografie</subfield>
    <subfield code="2">konspekt</subfield>
  </datafield>
  <datafield tag="080" ind1=" " ind2=" ">
    <subfield code="a">323.12"1939/1945"</subfield>
    <subfield code="2">2011</subfield>
  </datafield>
  <datafield tag="080" ind1=" " ind2=" ">
    <subfield code="a">(=411.16)</subfield>
    <subfield code="2">2011</subfield>
  </datafield>
  <datafield tag="080" ind1=" " ind2=" ">
    <subfield code="a">(0:82-94)</subfield>
    <subfield code="2">2011</subfield>
  </datafield>
  <datafield tag="080" ind1=" " ind2=" ">
    <subfield code="a">343.819.5</subfield>
    <subfield code="2">2011</subfield>
  </datafield>
  <datafield tag="080" ind1=" " ind2=" ">
    <subfield code="a">323.28</subfield>
    <subfield code="2">2011</subfield>
  </datafield>
  <datafield tag="080" ind1=" " ind2=" ">
    <subfield code="a">(437.6)</subfield>
    <subfield code="2">2011</subfield>
  </datafield>
  <datafield tag="080" ind1=" " ind2=" ">
    <subfield code="a">(4)</subfield>
    <subfield code="2">2001</subfield>
  </datafield>
  <datafield tag="100" ind1="1" ind2=" ">
    <subfield code="a">Fischerov&#xE1;, Viola,</subfield>
    <subfield code="d">1922-2017</subfield>
    <subfield code="4">aut</subfield>
    <subfield code="9">5468</subfield>
  </datafield>
  <datafield tag="245" ind1="1" ind2="0">
    <subfield code="a">Mengeleho diev&#x10D;a</subfield>
    <subfield code="b">skuto&#x10D;n&#xFD; pr&#xED;beh Slovenky, ktor&#xE1; pre&#x17E;ila &#x161;tyri koncentra&#x10D;n&#xE9; t&#xE1;bory</subfield>
    <subfield code="c">Viola Stern Fischerov&#xE1;, Veronika Homolov&#xE1; T&#xF3;thov&#xE1;</subfield>
  </datafield>
  <datafield tag="260" ind1=" " ind2=" ">
    <subfield code="a">Bratislava</subfield>
    <subfield code="b">Ikar</subfield>
    <subfield code="c">2016</subfield>
  </datafield>
  <datafield tag="300" ind1=" " ind2=" ">
    <subfield code="a">367 s.</subfield>
    <subfield code="b">fotogr.</subfield>
    <subfield code="c">21 cm</subfield>
  </datafield>
  <datafield tag="600" ind1="1" ind2="7">
    <subfield code="a">Fischerov&#xE1;, Viola,</subfield>
    <subfield code="d">1922-2017</subfield>
    <subfield code="2">SNKMA</subfield>
    <subfield code="9">5468</subfield>
  </datafield>
  <datafield tag="650" ind1="0" ind2="7">
    <subfield code="a">holokaust (1939-1945)</subfield>
    <subfield code="2">SNKPH</subfield>
    <subfield code="9">1733</subfield>
  </datafield>
  <datafield tag="650" ind1="0" ind2="7">
    <subfield code="a">&#x17D;idia</subfield>
    <subfield code="z">Slovensko</subfield>
    <subfield code="2">SNKPH</subfield>
    <subfield code="9">2020</subfield>
  </datafield>
  <datafield tag="650" ind1="0" ind2="7">
    <subfield code="a">Holocaust (1939-1945)</subfield>
    <subfield code="2">SNKPHeng</subfield>
    <subfield code="9">1738</subfield>
  </datafield>
  <datafield tag="650" ind1="0" ind2="7">
    <subfield code="a">Jews</subfield>
    <subfield code="z">Slovakia</subfield>
    <subfield code="2">SNKPHeng</subfield>
    <subfield code="9">2022</subfield>
  </datafield>
  <datafield tag="650" ind1="0" ind2="7">
    <subfield code="a">koncentra&#x10D;n&#xE9; t&#xE1;boty</subfield>
    <subfield code="z">Eur&#xF3;pa</subfield>
    <subfield code="2">SNKPH</subfield>
    <subfield code="9">5469</subfield>
  </datafield>
  <datafield tag="650" ind1="0" ind2="7">
    <subfield code="a">Concentration camps</subfield>
    <subfield code="z">Europe</subfield>
    <subfield code="2">SNKPHeng</subfield>
    <subfield code="9">5470</subfield>
  </datafield>
  <datafield tag="650" ind1="0" ind2="7">
    <subfield code="a">&#x17D;idia</subfield>
    <subfield code="x">perzek&#xFA;cie</subfield>
    <subfield code="2">SNKPH</subfield>
    <subfield code="9">5471</subfield>
  </datafield>
  <datafield tag="650" ind1="0" ind2="7">
    <subfield code="a">Jews</subfield>
    <subfield code="x">persecution</subfield>
    <subfield code="2">SNKPHeng</subfield>
    <subfield code="9">5472</subfield>
  </datafield>
  <datafield tag="655" ind1=" " ind2="7">
    <subfield code="a">autobiografick&#xE9; spomienky</subfield>
    <subfield code="2">SNKPH</subfield>
    <subfield code="9">2024</subfield>
  </datafield>
  <datafield tag="655" ind1=" " ind2="7">
    <subfield code="a">Autobiographical reminiscences</subfield>
    <subfield code="2">SNKPHeng</subfield>
    <subfield code="9">2025</subfield>
  </datafield>
  <datafield tag="700" ind1="1" ind2=" ">
    <subfield code="a">Homolov&#xE1; T&#xF3;thov&#xE1;, Veronika,</subfield>
    <subfield code="d">1980-</subfield>
    <subfield code="4">aut</subfield>
    <subfield code="9">5473</subfield>
  </datafield>
  <datafield tag="958" ind1=" " ind2=" ">
    <subfield code="a">BX</subfield>
  </datafield>
  <datafield tag="952" ind1=" " ind2=" ">
    <subfield code="0">0</subfield>
    <subfield code="1">0</subfield>
    <subfield code="2">udc</subfield>
    <subfield code="4">0</subfield>
    <subfield code="7">0</subfield>
    <subfield code="8">K</subfield>
    <subfield code="a">10000</subfield>
    <subfield code="b">10000</subfield>
    <subfield code="d">2026-02-26</subfield>
    <subfield code="i">22525</subfield>
    <subfield code="o">B11041</subfield>
    <subfield code="p">B11041</subfield>
    <subfield code="r">2026-02-26</subfield>
    <subfield code="w">2026-02-26</subfield>
    <subfield code="y">KLDO</subfield>
  </datafield>
</record>
